|
|
|
|
| LEADER |
00878cam a2200229 a 4500 |
| 001 |
c000391347 |
| 003 |
CARM |
| 005 |
20120828112357.0 |
| 008 |
120828s1888 enka 001 0 eng d |
| 019 |
1 |
|
|a 5404522
|5 LACONCORD2021
|
| 035 |
|
|
|a (OCoLC)11873699
|5 LACONCORD2021
|
| 040 |
|
|
|a NUN:M
|b eng
|c NUN:M
|
| 100 |
1 |
|
|a Windle, Bertram C. A.
|
| 245 |
1 |
2 |
|a A handbook of surface anatomy and landmarks /
|c by Bertram C.A. Windle.
|
| 260 |
|
|
|a London :
|b H.K. Lewis,
|c 1888.
|
| 300 |
|
|
|a x, 134 p. :
|b ill. ;
|c 20 cm.
|
| 650 |
|
0 |
|a Anatomy
|v Handbooks, manuals, etc.
|
| 852 |
8 |
|
|b CARM
|p 0588033
|f BK
|
| 852 |
8 |
|
|b SCAN
|h A3:AG03A0
|i A05720
|p 0588033
|f BK
|
| 999 |
f |
f |
|i 7efae929-6ce6-5b0e-bb3a-0151cc0568ac
|s dfae7bc8-9a88-5237-8f03-533a92d38b18
|
| 952 |
f |
f |
|p Can circulate
|a CAVAL
|b CAVAL
|c CAVAL
|d CARM 1 Store
|i book
|m 0588033
|
| 952 |
f |
f |
|a CAVAL
|b CAVAL
|c CAVAL
|d Unmapped Location
|e A05720
|f A3:AG03A0
|h Other scheme
|